000 00612nam a2200169Ia 4500
008 100122s9999 xx 000 0 und d
082 _b54120
_a823
100 _aभसे पोपटराव
245 _aझाशीची रणचंडी
260 _bशांती पब्लिकेशन
_c1998
300 _a512
520 _aझाशीची राणी लक्ष्मीबाई
620 _aझाशीची राणी लक्ष्मीबाई
630 _aझाशीची रणचंडी
730 _aझाशीची रणचंडी
942 _cBOOK
999 _c431015
_d431012